000 01276nam a2200349 i 4500
001 000021955
003 DO-SdBNP
005 20250122130226.0
007 ta
008 100915s1998 dr 000 0 spa d
040 _aDO-SdBNP
_bspa
_cBNPHU
_erda
041 _aspa
082 4 _a972.93
_bC957m 1998
_222
100 _aCruz Méndez, Manuel,
_eautor
_4aut.
_937495
245 1 0 _aManual de historia social dominicana /
_cManuel Cruz Méndez.
246 _aHistoria social dominicana
250 _acuarta edición, corregida y aumentada
264 4 _aSanto Domingo :
_bEditora Soto Castillo,
_c1998.
300 _a166 páginas ;
_c26 cm.
336 _2rdacontent
_atexto
_btxt
337 _2rdamedia
_asin medición
_bn
338 _2rdacarrier
_avolumen
_bnc
500 _aIncluye datos biográficos del autor en la contracubierta
500 _aIncluye referencias bibliográficas y notas al pie de las páginas
504 _aBibliografía : p. 163-166
590 _aInventariado, 2024/MFF
651 4 _aRepública Dominicana
_xHistoria
_9170
651 4 _aRepública Dominicana
_xCondiciónes sociales
_xHistoria
_945537
651 4 _aRepública Dominicana
_xPolítica y gobierno
_xHistoria
_91212
910 _aValidado. Control de calidad. MFF
942 _2ddc
_cLBS1
999 _c21453
_d21453